000 00494nam a2200181Ia 4500
001 1889
005 20260306143802.0
008 260306t2012||||xx |||||||||||||| ||spa||
041 _aESP
082 _a158.1
_bC71
100 _aCloud, Henry
_eAUT
245 0 _aCambios necesarios:
_bempleados, negocios y relaciones de las que debemos desprendernos para seguir adelante
260 _c2012
300 _a206 páginas :
_c23 cm.
650 _aGEN
654 _aCPS
942 _cLIB
_dJUS
_fJUS
_2ddc
_n
999 _c1889
_d1889